书目信息 |
| 题名: |
森林防火实务
|
|
| 作者: | 范繁荣 主编 | |
| 分册: | ||
| 出版信息: | 北京 中国林业出版社 2014 |
|
| 页数: | 231页 | |
| 开本: | 23cm | |
| 丛书名: | ||
| 单 册: | ||
| 中图分类: | S762.3 | |
| 科图分类: | ||
| 主题词: | 森林防火--中等专业教育--教材 , 森林防火 | |
| 电子资源: | ||
| ISBN: | 978-7-5038-7463-5 | |
| 000 | 00817nam0 2200253 450 | |
| 001 | 012015000405 | |
| 005 | 20150914163831.15 | |
| 010 | @a978-7-5038-7463-5@dCNY36.00 | |
| 100 | @a20140825d2014 em y0chiy50 ea | |
| 101 | 0 | @achi |
| 102 | @aCN@b110000 | |
| 105 | @aa z 000yy | |
| 106 | @ar | |
| 200 | 1 | @a森林防火实务@Asen lin fang huo shi wu@f范繁荣主编 |
| 210 | @a北京@c中国林业出版社@d2014 | |
| 215 | @a231页@c图,照片@d23cm | |
| 300 | @a国家中等职业教育改革发展示范校教材 | |
| 330 | @a本书以实用手册的形式呈现森林防火工作中所涉及的制度、措施、技术要点等,并配上案件,充分体现职业教育教材的重要特征。 | |
| 606 | 0 | @a森林防火@x中等专业教育@j教材 |
| 606 | 0 | @a森林防火 |
| 690 | @aS762.3@v5 | |
| 701 | 0 | @a范繁荣@Afan fan rong@4主编 |
| 801 | 0 | @aCN@b碧洲教育@c20150716 |
| 905 | @a10447@f4@dS762.3@e77 | |
| 森林防火实务/范繁荣主编.-北京:中国林业出版社,2014 |
| 231页:图,照片;23cm |
| 国家中等职业教育改革发展示范校教材 |
| ISBN 978-7-5038-7463-5:CNY36.00 |
| 本书以实用手册的形式呈现森林防火工作中所涉及的制度、措施、技术要点等,并配上案件,充分体现职业教育教材的重要特征。 |
| ● |
| 相关链接 |
|
|
|
|
正题名:森林防火实务
索取号:S762.3/77
 
预约/预借
| 序号 | 登录号 | 条形码 | 馆藏地/架位号 | 状态 | 备注 |
| 1 | 0849429 | 208494299 | 第二样本阅览室/ [索取号:S762.3/77] | 在馆 | |
| 2 | 0849430 | 208494306 | 第三借阅区/ [索取号:S762.3/77] | 在馆 | |
| 3 | 0849431 | 208494315 | 第三借阅区/ [索取号:S762.3/77] | 在馆 | |
| 4 | 0849432 | 208494324 | 密集书库-生命科学系/ [索取号:S762.3/77] | 在馆 |